<?xml version="1.0" encoding="UTF-8"?>
<record
    xmlns:xsi="http://www.w3.org/2001/XMLSchema-instance"
    xsi:schemaLocation="http://www.loc.gov/MARC21/slim http://www.loc.gov/standards/marcxml/schema/MARC21slim.xsd"
    xmlns="http://www.loc.gov/MARC21/slim">

  <leader>01982nam a2200301   4500</leader>
  <controlfield tag="001">114134</controlfield>
  <controlfield tag="003">DR-UNIBE</controlfield>
  <controlfield tag="005">20251003085919.0</controlfield>
  <controlfield tag="008">251002b2014    dr ||||| |||| 00| 1 spa d</controlfield>
  <datafield tag="020" ind1=" " ind2=" ">
    <subfield code="a">9789945415605</subfield>
  </datafield>
  <datafield tag="040" ind1=" " ind2=" ">
    <subfield code="a">BIBLIOTECA UNIBE</subfield>
    <subfield code="b">spa</subfield>
    <subfield code="c">BIBLIOTECA UNIBE</subfield>
    <subfield code="e">rda</subfield>
  </datafield>
  <datafield tag="041" ind1=" " ind2=" ">
    <subfield code="a">spa</subfield>
  </datafield>
  <datafield tag="090" ind1=" " ind2=" ">
    <subfield code="a">FBIU-PUCMM CI A675</subfield>
  </datafield>
  <datafield tag="245" ind1="1" ind2="3">
    <subfield code="a">De arco&#xED;ris y m&#xE1;s: </subfield>
    <subfield code="b">cuentos e ilustraciones de ni&#xF1;os y ni&#xF1;as dominicanos / </subfield>
    <subfield code="c">presentaci&#xF3;n: Carlos Amarante Baret ; pr&#xF3;logo: Rafaela  Carrasco ; direcci&#xF3;n ejecutiva: Dulce Rodr&#xED;guez ; administraci&#xF3;n general: Raquel De Castro ; cuidado de edici&#xF3;n: Rafaela Carrasco ; cuidado de las ilustraciones: Fernando Cabrera ; arte, dise&#xF1;o, diagramaci&#xF3;n y edici&#xF3;n: Svethania G&#xF3;mez,  Fernando Cabrera</subfield>
  </datafield>
  <datafield tag="250" ind1=" " ind2=" ">
    <subfield code="a">Primera edici&#xF3;n</subfield>
  </datafield>
  <datafield tag="260" ind1=" " ind2=" ">
    <subfield code="a">Santiago de los Caballeros :</subfield>
    <subfield code="b"> Pontificia Universidad Cat&#xF3;lica Madre y Maestra (PUCMM) :</subfield>
    <subfield code="b">Ministerio de Educaci&#xF3;n (MINERD),</subfield>
    <subfield code="c">2014</subfield>
  </datafield>
  <datafield tag="300" ind1=" " ind2=" ">
    <subfield code="a">247 p&#xE1;ginas :</subfield>
    <subfield code="b">ilustraciones ;</subfield>
    <subfield code="c">26 x 18 cm</subfield>
  </datafield>
  <datafield tag="500" ind1=" " ind2=" ">
    <subfield code="a">Incluye fotos de los ni&#xF1;os escritores  de primero a cuarto nivel del Eje Norte, ganadores del segundo concurso de cuentos del Programa Pol&#xED;tica de Apoyo a los  Aprendizajes en los Primeros Grados del Nivel B&#xE1;sico  en Lectura, Escritura y Matem&#xE1;tica.  En la contraportada interna se lee los nombres de los jurados, capacitadores y coordinadores por &#xE1;reas




</subfield>
  </datafield>
  <datafield tag="653" ind1=" " ind2="7">
    <subfield code="a">Cuentos infantiles dominicanos </subfield>
  </datafield>
  <datafield tag="653" ind1=" " ind2="7">
    <subfield code="a">Literatura infantil dominicana</subfield>
  </datafield>
  <datafield tag="700" ind1="1" ind2="0">
    <subfield code="a">Rodr&#xED;guez, Dulce</subfield>
    <subfield code="9">199529</subfield>
    <subfield code="e">director ejecutivo</subfield>
  </datafield>
  <datafield tag="700" ind1=" " ind2="0">
    <subfield code="a">Amarante Baret, Carlos</subfield>
    <subfield code="9">95492</subfield>
    <subfield code="e">presentaci&#xF3;n</subfield>
  </datafield>
  <datafield tag="700" ind1=" " ind2="0">
    <subfield code="a">Carrasco, Rafaela</subfield>
    <subfield code="9">196964</subfield>
    <subfield code="e">pr&#xF3;loguista</subfield>
    <subfield code="e">cuidado de la edicion</subfield>
  </datafield>
  <datafield tag="700" ind1="1" ind2="0">
    <subfield code="a">De Castro, Raquel </subfield>
    <subfield code="9">199541</subfield>
    <subfield code="e">administrador general</subfield>
  </datafield>
  <datafield tag="700" ind1="1" ind2="0">
    <subfield code="a">Cabrera, Fernando</subfield>
    <subfield code="9">5482</subfield>
    <subfield code="e">cuidado de la ilustraciones</subfield>
    <subfield code="e">arte</subfield>
    <subfield code="e">dise&#xF1;ador</subfield>
    <subfield code="e">diagramador</subfield>
    <subfield code="e">cuidado de la edici&#xF3;n</subfield>
  </datafield>
  <datafield tag="700" ind1="1" ind2="0">
    <subfield code="a">G&#xF3;mez, Ana Svethania</subfield>
    <subfield code="9">181117</subfield>
    <subfield code="e">arte</subfield>
    <subfield code="e">dise&#xF1;ador</subfield>
    <subfield code="e">diagramador</subfield>
    <subfield code="e">cuidado de la edici&#xF3;n </subfield>
  </datafield>
  <datafield tag="942" ind1=" " ind2=" ">
    <subfield code="2">ddc</subfield>
    <subfield code="c">BK</subfield>
  </datafield>
  <datafield tag="999" ind1=" " ind2=" ">
    <subfield code="c">114134</subfield>
    <subfield code="d">114134</subfield>
  </datafield>
  <datafield tag="952" ind1=" " ind2=" ">
    <subfield code="0">0</subfield>
    <subfield code="1">0</subfield>
    <subfield code="2">ddc</subfield>
    <subfield code="7">1</subfield>
    <subfield code="8">FBIU</subfield>
    <subfield code="a">Principal</subfield>
    <subfield code="d">2025-08-01</subfield>
    <subfield code="l">0</subfield>
    <subfield code="o">FBIU-PUCMM CI A675</subfield>
    <subfield code="p">FBIU0899</subfield>
    <subfield code="r">2025-10-02 13:56:19</subfield>
    <subfield code="t">Ej.1</subfield>
    <subfield code="w">2025-10-02</subfield>
    <subfield code="y">BK-RES</subfield>
  </datafield>
</record>
